Vista normal Vista MARC

Entrada Nombre personal

Número de registros utilizados en: 2

001 - NÚMERO DE CONTROL

  • Campo de control: 30916

003 - IDENTIFICADOR DE NÚMERO DE CONTROL

  • Campo de control: OSt

005 - FECHA Y HORA DE LA ULTIMA MODIFICACION

  • Campo de control: 20150129165854.0

008 - ELEMENTOS DE DATOS DE LONGITUD FIJA

  • Campo de longitud fija: 150129|| aca||aabn | a|a d

040 ## - FUENTE DE LA CATALOGACIÓN

  • Agencia original de catalogación: OSt

100 1# - ENCABEZAMIENTO--NOMBRE DE PERSONA

  • Nombre personal: Mcdonald, Gregory
  • Fechas asociadas a un nombre: 1937-2008

400 10 - TRAZADO VEÁSE--NOMBRE DE PERSONA

  • Nombre personal: Macdonald, Gregory
  • Fechas asociadas a un nombre: 1937-2008

400 10 - TRAZADO VEÁSE--NOMBRE DE PERSONA

  • Nombre personal: Mc. Donald, Gregory
  • Fechas asociadas a un nombre: 1937-2008

670 ## - FUENTE DE DATOS ENCONTRADOS

  • Fuente de citación: Fichero de Autoridades Virtual Internacional, 29-01-2015